[Event "Junior Online 4NCL Division 4"]
[Site "online"]
[Date "2020.08.20"]
[Round "1.25"]
[White "Patel, Aadi"]
[Black "Machutadze, Nicholas"]
[Result "1/2-1/2"]
[WhiteElo "1292"]
[BlackElo "700"]
[PlyCount "141"]
[EventDate "2020.08.20"]
[WhiteTeam "The Hall 2"]
[BlackTeam "Uxbridge Juniors D"]

1. e4 e6 2. d4 Bb4+ 3. c3 Ba5 4. Nf3 Nf6 5. e5 Ne4 6. Qe2 f5 7. exf6 Nxf6 8.
Bg5 h6 9. Bh4 Nc6 10. Nbd2 g5 11. Bg3 d5 12. Qd1 Bd7 13. Ne5 Nxe5 14. Bxe5 Qe7
15. Qf3 O-O 16. Qd1 b5 17. Bd3 c6 18. O-O a6 19. Nf3 Bb6 20. h3 a5 21. Nh2 a4
22. a3 Rac8 23. Qc2 Bc7 24. Bxf6 Qxf6 25. Ng4 Qh8 26. g3 h5 27. Nh2 h4 28. gxh4
Qxh4 29. f3 Qxh3 30. Kh1 e5 31. Rg1 Qh5 32. Rg2 Rxf3 33. Rxg5+ Qxg5 34. Nxf3
Qh5+ 35. Nh2 exd4 36. Rg1+ Kf8 37. Qf2+ Ke7 38. Re1+ Be6 39. Bf5 Qxh2+ 40. Qxh2
Bxh2 41. Kxh2 dxc3 42. bxc3 Rh8+ 43. Kg3 Rh6 44. Kf4 Kd6 45. Kg5 Rh8 46. Rxe6+
Kc5 47. Re3 d4 48. cxd4+ Kxd4 49. Re6 Kd5 50. Kf6 Rg8 51. Re3 Rf8+ 52. Kg5 Rg8+
53. Kf4 Rf8 54. Kg5 c5 55. Be6+ Kd6 56. Ba2 c4 57. Rc3 Kc5 58. Kg4 Rd8 59. Kf5
Rd3 60. Rxd3 cxd3 61. Bb1 Kd4 62. Kf4 d2 63. Bc2 Kc3 64. Bd1 Kd3 65. Ke5 Kc3
66. Kd6 Kb2 67. Kc5 Kxa3 68. Kxb5 Kb2 69. Kxa4 Kc1 70. Bb3 d1=Q 71. Bxd1
1/2-1/2

[Event "Junior Online 4NCL Division 4"]
[Site "online"]
[Date "2020.08.20"]
[Round "1.26"]
[White "Sundararaju, Ritvik"]
[Black "O'Sullivan, Conor"]
[Result "1-0"]
[WhiteElo "700"]
[BlackElo "1315"]
[PlyCount "47"]
[EventDate "2020.08.20"]
[WhiteTeam "Uxbridge Juniors D"]
[BlackTeam "The Hall 2"]

1. e4 e5 2. Qf3 Nf6 3. Nh3 Bc5 4. Bc4 Nc6 5. O-O Nd4 6. Qc3 d5 7. Bb5+ c6 8.
Qxc5 cxb5 9. Na3 Nxe4 10. Qb4 Nxc2 11. Nxc2 Bxh3 12. gxh3 Qg5+ 13. Kh1 Qf6 14.
d3 Nxf2+ 15. Kg2 Nxd3 16. Qxb5+ Qc6 17. Qxd3 d4+ 18. Kf2 Qf6+ 19. Ke1 Qh4+ 20.
Rf2 Qxh3 21. Qxh3 O-O 22. Qg4 Rad8 23. Rg2 d3 24. Qxg7# 1-0

[Event "Junior Online 4NCL Division 4"]
[Site "online"]
[Date "2020.08.20"]
[Round "1.27"]
[White "Kohli, Aryan"]
[Black "Huckridge, Erik"]
[Result "1-0"]
[WhiteElo "1075"]
[BlackElo "700"]
[PlyCount "73"]
[EventDate "2020.08.20"]
[WhiteTeam "The Hall 2"]
[BlackTeam "Uxbridge Juniors D"]

1. d4 d5 2. Bf4 Nf6 3. e3 e6 4. c3 Nc6 5. Bd3 e5 6. Bxe5 Nxe5 7. dxe5 Nd7 8.
Nf3 Nc5 9. O-O Nxd3 10. Qxd3 Bg4 11. Nbd2 f6 12. exf6 gxf6 13. Qb5+ c6 14. Qxb7
Rb8 15. Qxc6+ Bd7 16. Qxd5 Be7 17. Qh5+ Kf8 18. b3 Rg8 19. Qxh7 Rg7 20. Qh6 Kf7
21. Ne4 Rg6 22. Qf4 Ba3 23. Neg5+ Rxg5 24. Nxg5+ Kg6 25. Ne4 f5 26. Qg3+ Kf7
27. Ng5+ Ke8 28. Qe5+ Kf8 29. Qd5 Qxg5 30. Qxd7 Qd8 31. Qxf5+ Ke7 32. Qg5+ Kd7
33. Rfd1+ Kc8 34. Rxd8+ Kb7 35. Qd5+ Kb6 36. Rxb8+ Ka6 37. Qb5# 1-0

[Event "Junior Online 4NCL Division 4"]
[Site "online"]
[Date "2020.08.20"]
[Round "1.31"]
[White "Sukumar, Vishnu"]
[Black "McBrinn, Conall"]
[Result "0-1"]
[WhiteElo "1000"]
[BlackElo "1690"]
[PlyCount "40"]
[EventDate "2020.08.20"]
[WhiteTeam "Surbiton Juniors E"]
[BlackTeam "JHJ 1"]

1. e4 e6 2. Nf3 d5 3. exd5 exd5 4. Nc3 Nf6 5. d4 Bd6 6. Be2 O-O 7. Nb5 Be7 8.
O-O c6 9. Nc3 Bd6 10. Ne5 Nbd7 11. Nxd7 Bxd7 12. Qe1 Re8 13. Qd2 Qc7 14. Bd3
Bxh2+ 15. Kh1 Bd6 16. Qd1 Bf4 17. Bxf4 Qxf4 18. Ne2 Qh4+ 19. Kg1 Ng4 20. f3
Qh2# 0-1

[Event "Junior Online 4NCL Division 4"]
[Site "online"]
[Date "2020.08.20"]
[Round "1.32"]
[White "Yu, William"]
[Black "de Villiers, Emily"]
[Result "1-0"]
[WhiteElo "1592"]
[BlackElo "1037"]
[PlyCount "87"]
[EventDate "2020.08.20"]
[WhiteTeam "JHJ 1"]
[BlackTeam "Surbiton Juniors E"]

1. d4 d5 2. Bf4 Bf5 3. e3 Nh6 4. Bd3 Bxd3 5. Qxd3 Ng4 6. Qb5+ Qd7 7. Qxb7 e5 8.
Qxa8 exf4 9. Qxb8+ Qd8 10. Qxd8+ Kxd8 11. exf4 Bd6 12. g3 Bb4+ 13. c3 Be7 14.
Nf3 c5 15. Nbd2 cxd4 16. cxd4 Bb4 17. O-O Bxd2 18. Nxd2 a5 19. Rab1 Nf6 20. b4
a4 21. b5 a3 22. Rfc1 Ne4 23. Nxe4 dxe4 24. b6 Ke7 25. b7 Rb8 26. Rc8 Rxb7 27.
Rxb7+ Kf6 28. Rcc7 e3 29. fxe3 h5 30. Rxf7+ Kg6 31. Rxg7+ Kf5 32. e4+ Kxe4 33.
Rg5 Kxd4 34. Rb4+ Kc3 35. Ra4 Kb2 36. Rb5+ Kxa2 37. Rba5 Kb3 38. Rxa3+ Kb2 39.
Rf3 Kc2 40. Re5 Kd2 41. Kf1 h4 42. Re2+ Kd1 43. Ra3 hxg3 44. Ra1# 1-0

[Event "Junior Online 4NCL Division 4"]
[Site "online"]
[Date "2020.08.20"]
[Round "1.33"]
[White "Ong-Seng, Miles"]
[Black "O'neill, Kai"]
[Result "1/2-1/2"]
[WhiteElo "900"]
[BlackElo "1577"]
[PlyCount "95"]
[EventDate "2020.08.20"]
[WhiteTeam "Surbiton Juniors E"]
[BlackTeam "JHJ 1"]

1. e4 Nf6 2. Nc3 e5 3. Nf3 Bc5 4. Bc4 Nc6 5. O-O Bb6 6. Ng5 O-O 7. d3 d6 8. Qe2
Nd4 9. Qd2 Bd7 10. b3 Ba5 11. Ba3 Nb5 12. Bb2 Nd4 13. Rae1 a6 14. a3 b5 15. b4
Bb6 16. Ba2 Qe7 17. Nd5 Nxd5 18. Bxd5 c6 19. Ba2 Nxc2 20. Rc1 Nd4 21. h3 Ne6
22. Nxe6 Bxe6 23. Bxe6 fxe6 24. Qe2 Rac8 25. Rc2 c5 26. bxc5 Bxc5 27. Bc1 Qa7
28. Be3 Bxe3 29. fxe3 Rxf1+ 30. Kxf1 Rxc2 31. Qxc2 Qxe3 32. Qc8+ Kf7 33. Qd7+
Kf6 34. Qd8+ Kf7 35. Qd7+ Kf6 36. Qd8+ Kg6 37. Qe8+ Kh6 38. Qxe6+ g6 39. Qg4
Qxd3+ 40. Ke1 Qc3+ 41. Ke2 Qb2+ 42. Ke1 Qc3+ 43. Ke2 Qc4+ 44. Kd2 g5 45. h4 d5
46. hxg5+ Kg6 47. Qf5+ Kh5 48. Qh3+ 1/2-1/2

[Event "Junior Online 4NCL Division 4"]
[Site "online"]
[Date "2020.08.20"]
[Round "1.34"]
[White "Aserkoff, Daniel"]
[Black "Hutchison, Alec"]
[Result "1-0"]
[WhiteElo "1547"]
[BlackElo "925"]
[PlyCount "105"]
[EventDate "2020.08.20"]
[WhiteTeam "JHJ 1"]
[BlackTeam "Surbiton Juniors E"]

1. e4 e5 2. Nf3 Nc6 3. d4 exd4 4. Nxd4 Nxd4 5. Qxd4 Nf6 6. e5 c5 7. Qc4 Ng8 8.
Nc3 d6 9. exd6 Bxd6 10. Be3 Qb6 11. Qb5+ Bd7 12. Qb3 Qxb3 13. axb3 Nf6 14. Nb5
O-O 15. Nxd6 Nd5 16. Bxc5 b6 17. Bd4 Nb4 18. Bd3 Rfd8 19. Bc3 Nxd3+ 20. cxd3
Bc6 21. Nf5 Bxg2 22. Rg1 Rd5 23. Ne7+ Kf8 24. Nxd5 Bxd5 25. Bxg7+ Ke7 26. Bc3
Bxb3 27. Bb4+ Ke6 28. Rc1 a5 29. Ra1 Rd8 30. Bc3 Rxd3 31. Rg3 Rd5 32. Re3+ Kd6
33. Ke2 Bc4+ 34. Ke1 Rh5 35. Rd1+ Kc5 36. Re5+ Kc6 37. Rxh5 Kb7 38. Rxh7 Ka6
39. Ra1 b5 40. Rh8 a4 41. Ra8+ Kb6 42. Bb4 Kc6 43. Rc1 Kb6 44. h4 Kb7 45. Rd8
Kc7 46. Rf8 Kd7 47. h5 Ke6 48. Rg8 Kf6 49. h6 Ke6 50. h7 Bd3 51. h8=Q Kd7 52.
Qh3+ Bf5 53. Qxf5# 1-0

[Event "Junior Online 4NCL Division 4"]
[Site "online"]
[Date "2020.08.20"]
[Round "1.35"]
[White "McBrinn, Conall"]
[Black "Sukumar, Vishnu"]
[Result "1-0"]
[WhiteElo "1690"]
[BlackElo "1000"]
[PlyCount "83"]
[EventDate "2020.08.20"]
[WhiteTeam "JHJ 1"]
[BlackTeam "Surbiton Juniors E"]

1. d4 e6 2. c4 Nc6 3. Nc3 Nf6 4. e4 Bb4 5. e5 Bxc3+ 6. bxc3 Ne4 7. Qc2 f5 8. h4
O-O 9. Ne2 Na5 10. f3 Nxc4 11. fxe4 b6 12. Nf4 fxe4 13. Bxc4 d5 14. Be2 Qe8 15.
Rh3 Bd7 16. Rg3 Ba4 17. Qd2 Qe7 18. Nh5 g6 19. Nf6+ Kg7 20. h5 Rxf6 21. exf6+
Qxf6 22. hxg6 hxg6 23. Qh6+ Kf7 24. Qh7+ Qg7 25. Qxg7+ Kxg7 26. Bf4 Rh8 27.
Be5+ Kg8 28. Bxh8 Kxh8 29. Kd2 Kh7 30. Rh1+ Kg7 31. Bh5 e5 32. Rxg6+ Kf7 33.
dxe5 e3+ 34. Kxe3 d4+ 35. cxd4 c5 36. dxc5 bxc5 37. Ra6+ Ke7 38. Rxa4 c4 39.
Rd1 c3 40. Rxa7+ Ke6 41. Ke4 c2 42. Rd6# 1-0

[Event "Junior Online 4NCL Division 4"]
[Site "online"]
[Date "2020.08.20"]
[Round "1.36"]
[White "de Villiers, Emily"]
[Black "Yu, William"]
[Result "0-1"]
[WhiteElo "1037"]
[BlackElo "1592"]
[PlyCount "36"]
[EventDate "2020.08.20"]
[WhiteTeam "Surbiton Juniors E"]
[BlackTeam "JHJ 1"]

1. e4 e6 2. Bc4 d5 3. Bb5+ c6 4. Ba4 dxe4 5. Qg4 Nf6 6. Qg3 Bd6 7. Qe3 Nbd7 8.
Nh3 h6 9. O-O Qc7 10. Nf4 Bxf4 11. Qc3 Bxh2+ 12. Kh1 Be5 13. Qh3 Nb6 14. Nc3
Bxc3 15. dxc3 Nxa4 16. b3 Nxc3 17. Bd2 e5 18. Qg3 Ncd5 0-1

[Event "Junior Online 4NCL Division 4"]
[Site "online"]
[Date "2020.08.20"]
[Round "1.37"]
[White "O'neill, Kai"]
[Black "Ong-Seng, Miles"]
[Result "0-1"]
[WhiteElo "1577"]
[BlackElo "900"]
[PlyCount "50"]
[EventDate "2020.08.20"]
[WhiteTeam "JHJ 1"]
[BlackTeam "Surbiton Juniors E"]

1. d4 d5 2. Bf4 Bf5 3. e3 Nf6 4. c4 dxc4 5. Bxc4 Nc6 6. Qb3 e6 7. Qxb7 Na5 8.
Bb5+ c6 9. Bxc6+ Nxc6 10. Qxc6+ Nd7 11. Na3 Qa5+ 12. Qc3 Qxc3+ 13. bxc3 Bxa3
14. Rd1 O-O 15. Nf3 Rac8 16. Kd2 Nb6 17. Ne5 f6 18. Nf3 Nc4+ 19. Ke2 Nb2 20.
Rd2 Nc4 21. Rdd1 Bb2 22. Nd2 Nxd2 23. Rxd2 Bxc3 24. Rc2 Bxc2 25. Rc1 Ba4 0-1

[Event "Junior Online 4NCL Division 4"]
[Site "online"]
[Date "2020.08.20"]
[Round "1.38"]
[White "Hutchison, Alec"]
[Black "Aserkoff, Daniel"]
[Result "0-1"]
[WhiteElo "925"]
[BlackElo "1547"]
[PlyCount "138"]
[EventDate "2020.08.20"]
[WhiteTeam "Surbiton Juniors E"]
[BlackTeam "JHJ 1"]

1. e4 e5 2. Nf3 Nc6 3. Bb5 Nf6 4. Nc3 Bc5 5. O-O d6 6. d3 Bg4 7. h3 Bh5 8. Be3
Bb6 9. Nd5 h6 10. Nxf6+ Qxf6 11. Bxb6 axb6 12. g4 Bg6 13. Nh2 O-O 14. Qd2 Nd4
15. Bc4 Ne6 16. Bxe6 Qxe6 17. f4 Bh7 18. f5 Qf6 19. Nf3 g6 20. fxg6 fxg6 21.
Qf2 Qe6 22. Qe3 Kg7 23. g5 h5 24. Nd2 Rxa2 25. Rxa2 Qxa2 26. Rxf8 Kxf8 27. Qf3+
Qf7 28. Qxf7+ Kxf7 29. Kg2 Ke6 30. Kf3 c5 31. c3 d5 32. exd5+ Kxd5 33. Ke3 Bg8
34. c4+ Kd6 35. Ke4 Be6 36. h4 Bd7 37. Nf3 b5 38. cxb5 Bxb5 39. Nxe5 Be8 40.
Nc4+ Ke6 41. d4 Bc6+ 42. Kf4 Kd5 43. Na5 cxd4 44. Nxc6 bxc6 45. Kf3 c5 46. Ke2
Ke4 47. Kd2 c4 48. Ke2 Kf4 49. Kf2 Kg4 50. Ke2 Kxh4 51. Kf3 Kxg5 52. Ke4 Kg4
53. Kxd4 h4 54. Ke3 Kg3 55. Ke2 Kg2 56. Ke3 h3 57. Kd4 h2 58. Kxc4 h1=Q 59. b4
Qd1 60. b5 Qd6 61. Kb3 Qc5 62. Ka4 Qb6 63. Kb4 Kf3 64. Ka4 Ke4 65. Kb4 Kd4 66.
Ka4 Kc4 67. Ka3 Qxb5 68. Ka2 Kc3 69. Ka1 Qb2# 0-1

[Event "Junior Online 4NCL Division 4"]
[Site "online"]
[Date "2020.08.20"]
[Round "1.41"]
[White "Stoica, Savas Marin"]
[Black "Patel, Amya Hetal"]
[Result "1-0"]
[WhiteElo "1922"]
[BlackElo "1247"]
[PlyCount "33"]
[EventDate "2020.08.20"]
[WhiteTeam "Barnet Knights A"]
[BlackTeam "May The Fork Be With You 4"]

1. d4 e6 2. Nf3 d5 3. c4 Nf6 4. Nc3 Nc6 5. cxd5 exd5 6. Bg5 h6 7. Bh4 Be7 8. e3
O-O 9. Bd3 Qd6 10. a3 Bg4 11. h3 Bxf3 12. Qxf3 Nd8 13. Bxf6 Bxf6 14. Nxd5 Be7
15. Qe4 Re8 16. Qh7+ Kf8 17. Qh8# 1-0

[Event "Junior Online 4NCL Division 4"]
[Site "online"]
[Date "2020.08.20"]
[Round "1.42"]
[White "Sharma, Krish"]
[Black "Angelopoulos, Andreas"]
[Result "0-1"]
[WhiteElo "1150"]
[BlackElo "1637"]
[PlyCount "62"]
[EventDate "2020.08.20"]
[WhiteTeam "May The Fork Be With You 4"]
[BlackTeam "Barnet Knights A"]

1. d4 Nf6 2. Bf4 e6 3. e3 Be7 4. Bd3 O-O 5. Nf3 d6 6. c3 b6 7. Nbd2 Bb7 8. Ng5
h6 9. Ngf3 Nbd7 10. Qe2 c5 11. Nh4 g5 12. Bg3 gxh4 13. Bxh4 Kh8 14. Bxf6+ Nxf6
15. O-O-O a6 16. g4 b5 17. h4 c4 18. Bc2 Bxh1 19. Rxh1 Rg8 20. Rg1 d5 21. g5
Nh7 22. Qh5 b4 23. Qxf7 Rg7 24. Qxe6 Qd6 25. Qf5 Qh2 26. Nf3 Qxf2 27. Rh1 Qxe3+
28. Kb1 Rf8 29. Qd7 Qxf3 30. gxh6 Qxh1+ 31. Bd1 Qxd1# 0-1

[Event "Junior Online 4NCL Division 4"]
[Site "online"]
[Date "2020.08.20"]
[Round "1.43"]
[White "Lustigman, Tao"]
[Black "Rahamim, Liad"]
[Result "1-0"]
[WhiteElo "1547"]
[BlackElo "1187"]
[PlyCount "87"]
[EventDate "2020.08.20"]
[WhiteTeam "Barnet Knights A"]
[BlackTeam "May The Fork Be With You 4"]

1. d4 d5 2. Bf4 Nf6 3. Nf3 Nc6 4. Nbd2 Bf5 5. c3 e6 6. e3 Be7 7. Be2 O-O 8. h3
a6 9. Ne5 Nxe5 10. dxe5 Nd7 11. g4 Bg6 12. Bg3 f6 13. exf6 Nxf6 14. Nf3 Be4 15.
Rg1 Nd7 16. Nd4 Nc5 17. b4 Nd7 18. Nxe6 Qc8 19. Nxf8 Qxf8 20. f3 Bg6 21. Qxd5+
Bf7 22. Qxd7 Rd8 23. Qf5 g6 24. Qc2 Bd5 25. e4 Bf7 26. Rd1 Re8 27. Kf2 a5 28.
bxa5 Bc5+ 29. Kg2 Bxg1 30. Rxg1 Qc5 31. Qa4 Qe3 32. Qc2 Kg7 33. Bxc7 Qc5 34.
Bb6 Qe5 35. Bd4 Qf6 36. Bxf6+ Kxf6 37. c4 Re5 38. Qc3 Be8 39. f4 Bc6 40. Qxe5+
Kf7 41. c5 Bxe4+ 42. Qxe4 Kg7 43. Qxb7+ Kh6 44. g5# 1-0

[Event "Junior Online 4NCL Division 4"]
[Site "online"]
[Date "2020.08.20"]
[Round "1.44"]
[White "Kataria, Dhairya"]
[Black "Ford, Conor"]
[Result "1-0"]
[WhiteElo "1150"]
[BlackElo "1427"]
[PlyCount "37"]
[EventDate "2020.08.20"]
[WhiteTeam "May The Fork Be With You 4"]
[BlackTeam "Barnet Knights A"]

1. e4 e5 2. Nf3 Nc6 3. Nc3 Nf6 4. Bb5 Bd6 5. d3 O-O 6. Ng5 h6 7. h4 hxg5 8.
hxg5 Nh7 9. Qh5 f6 10. Bc4+ Rf7 11. Qxf7+ Kh8 12. Qh5 Qg8 13. Bxg8 Kxg8 14.
Qxh7+ Kf7 15. Qh5+ Kg8 16. Qh8+ Kf7 17. gxf6 gxf6 18. Rh7+ Ke6 19. Qg8# 1-0

[Event "Junior Online 4NCL Division 4"]
[Site "online"]
[Date "2020.08.20"]
[Round "1.45"]
[White "Patel, Amya Hetal"]
[Black "Stoica, Savas Marin"]
[Result "0-1"]
[WhiteElo "1247"]
[BlackElo "1922"]
[PlyCount "92"]
[EventDate "2020.08.20"]
[WhiteTeam "May The Fork Be With You 4"]
[BlackTeam "Barnet Knights A"]

1. e4 d6 2. d4 Nf6 3. Nc3 g6 4. Nf3 c6 5. Bd3 Bg7 6. O-O O-O 7. Re1 Nbd7 8. Bg5
e5 9. dxe5 dxe5 10. Bxf6 Qxf6 11. h3 Nc5 12. Re3 Be6 13. Be2 Rad8 14. Bd3 Bh6
15. Ne2 Bxe3 16. fxe3 Bxh3 17. Ng3 Bg4 18. Qe2 Bxf3 19. gxf3 Nxd3 20. cxd3 Qg5
21. Qg2 Qxe3+ 22. Kh1 Rxd3 23. Nf1 Qxf3 24. Qxf3 Rxf3 25. Nh2 Re3 26. Rg1 Rxe4
27. Nf3 f5 28. Ng5 Re2 29. Ne6 Rf6 30. Nc5 Rxb2 31. Rd1 e4 32. Rd8+ Kg7 33.
Rd7+ Rf7 34. Ne6+ Kf6 35. Rd6 Ke5 36. Ng5 Kxd6 37. Nxf7+ Ke7 38. Ne5 e3 39. Kg1
Rb1+ 40. Kg2 e2 41. Kf2 e1=Q+ 42. Kf3 Qxe5 43. a4 Qe4+ 44. Kg3 Rg1+ 45. Kf2
Rg2+ 46. Kf1 Qe2# 0-1

[Event "Junior Online 4NCL Division 4"]
[Site "online"]
[Date "2020.08.20"]
[Round "1.46"]
[White "Angelopoulos, Andreas"]
[Black "Sharma, Krish"]
[Result "1-0"]
[WhiteElo "1637"]
[BlackElo "1150"]
[PlyCount "57"]
[EventDate "2020.08.20"]
[WhiteTeam "Barnet Knights A"]
[BlackTeam "May The Fork Be With You 4"]

1. d4 c6 2. c4 d5 3. Nc3 Nf6 4. Nf3 e6 5. Bg5 Nbd7 6. e3 Bd6 7. c5 Be7 8. Be2
b6 9. b4 bxc5 10. bxc5 O-O 11. O-O Qc7 12. Bf4 Qa5 13. Qc2 Ba6 14. Bxa6 Qxa6
15. h3 Rab8 16. Rab1 Rfe8 17. Bxb8 Nxb8 18. Rb2 Qc8 19. Rfb1 Qc7 20. Rb7 Qc8
21. Rxb8 Qc7 22. Rxe8+ Nxe8 23. Qb3 Bg5 24. Qb8 Bd8 25. Rb7 Qa5 26. Rd7 h6 27.
Qxd8 Qxc3 28. Qxe8+ Kh7 29. Qxf7 1-0

[Event "Junior Online 4NCL Division 4"]
[Site "online"]
[Date "2020.08.20"]
[Round "1.47"]
[White "Rahamim, Liad"]
[Black "Lustigman, Tao"]
[Result "0-1"]
[WhiteElo "1187"]
[BlackElo "1547"]
[PlyCount "58"]
[EventDate "2020.08.20"]
[WhiteTeam "May The Fork Be With You 4"]
[BlackTeam "Barnet Knights A"]

1. d4 Nf6 2. c4 g6 3. Nc3 Bg7 4. Bg5 d6 5. Nf3 O-O 6. e4 Nbd7 7. Bd3 e5 8. dxe5
Nxe5 9. Nxe5 dxe5 10. O-O Bg4 11. Qb3 Qxd3 12. Rad1 Bxd1 13. Rxd1 Qxd1+ 14.
Qxd1 h6 15. Bxf6 Bxf6 16. Qf3 Bg7 17. Nd5 c6 18. Ne7+ Kh7 19. Kf1 Rae8 20. Nxg6
fxg6 21. Qg3 Rd8 22. Ke2 Rd4 23. Qc3 Rxe4+ 24. Kd3 Rd4+ 25. Ke3 Rfd8 26. Qa5 a6
27. Qc7 R8d7 28. Qc8 Rd3+ 29. Ke4 R7d4# 0-1

[Event "Junior Online 4NCL Division 4"]
[Site "online"]
[Date "2020.08.20"]
[Round "1.48"]
[White "Ford, Conor"]
[Black "Kataria, Dhairya"]
[Result "1-0"]
[WhiteElo "1427"]
[BlackElo "1150"]
[PlyCount "67"]
[EventDate "2020.08.20"]
[WhiteTeam "Barnet Knights A"]
[BlackTeam "May The Fork Be With You 4"]

1. d4 d5 2. e3 Nc6 3. Bd3 Nf6 4. Nd2 Bg4 5. f3 Bh5 6. c3 e6 7. Ne2 Bd6 8. O-O
Nd7 9. f4 Qh4 10. Nf3 Bxf3 11. Rxf3 O-O-O 12. b4 g5 13. fxg5 Qxh2+ 14. Kf2 Qh4+
15. Kg1 Rhg8 16. Rh3 Qxg5 17. Qf1 Nf6 18. e4 Qg7 19. e5 Ng4 20. exd6 Rxd6 21.
Rg3 f5 22. Nf4 Rdd8 23. Nxe6 Qg6 24. Nxd8 Nxd8 25. Bxf5+ Qe6 26. Bxe6+ Nxe6 27.
Qf7 Rg6 28. Rxg4 Rxg4 29. Qxe6+ Kd8 30. Qxg4 Ke7 31. Bg5+ Kf7 32. Qf5+ Ke8 33.
Qe6+ Kf8 34. Bh6# 1-0

[Event "Junior Online 4NCL Division 4"]
[Site "online"]
[Date "2020.08.20"]
[Round "1.51"]
[White "Gardner, Zac"]
[Black "Timbrell, Matthew"]
[Result "0-1"]
[WhiteElo "1217"]
[BlackElo "1682"]
[PlyCount "106"]
[EventDate "2020.08.20"]
[WhiteTeam "Barnet Knights D"]
[BlackTeam "Somerset Lions"]

1. e4 c6 2. Nf3 d5 3. exd5 cxd5 4. d4 Nf6 5. Bb5+ Bd7 6. Nc3 e6 7. Bf4 Be7 8.
O-O O-O 9. h3 a6 10. Bd3 Nc6 11. Bg5 h6 12. Bxf6 Bxf6 13. Ne2 Rc8 14. c3 b5 15.
Bc2 Na5 16. Qd3 g6 17. Nf4 Be8 18. Rfe1 Qd7 19. Nh5 Bg5 20. Ne5 Qe7 21. Nf3 f5
22. Nxg5 hxg5 23. Ng3 Nc4 24. b3 Nd6 25. Re2 Ne4 26. Rae1 Qc7 27. Nxe4 dxe4 28.
Qd2 Qe7 29. b4 Bf7 30. Bb3 Rc7 31. Re3 Kg7 32. d5 exd5 33. Qd4+ Kh7 34. Bxd5
Rd8 35. Qd2 Rxd5 36. Qe2 Rcd7 37. Qb2 Rd2 38. Qc1 Bxa2 39. R1e2 Rd1+ 40. Qxd1
Rxd1+ 41. Kh2 Bc4 42. Rc2 Qd6+ 43. g3 Rd2 44. Rxd2 Qxd2 45. Kg2 Bd3 46. Kg1 f4
47. gxf4 gxf4 48. Rxd3 exd3 49. Kg2 Qe2 50. Kg1 d2 51. Kg2 d1=Q 52. h4 Qf3+ 53.
Kh2 Qdh1# 0-1

[Event "Junior Online 4NCL Division 4"]
[Site "online"]
[Date "2020.08.20"]
[Round "1.52"]
[White "Keech, Gabriel"]
[Black "Perl, Joseph"]
[Result "1-0"]
[WhiteElo "1682"]
[BlackElo "1165"]
[PlyCount "143"]
[EventDate "2020.08.20"]
[WhiteTeam "Somerset Lions"]
[BlackTeam "Barnet Knights D"]

1. c4 e6 2. Nc3 d5 3. cxd5 exd5 4. d4 c5 5. dxc5 Bxc5 6. Qxd5 Qxd5 7. Nxd5 Bd6
8. Nf3 Be6 9. Nc3 Nf6 10. e3 O-O 11. Be2 Nc6 12. O-O Rad8 13. b3 Bb4 14. Bb2
Bc5 15. Rad1 Rxd1 16. Rxd1 g6 17. Na4 Be7 18. Bb5 Nb8 19. Kf1 a6 20. Be2 b5 21.
Nc3 Rd8 22. Rxd8+ Bxd8 23. Ne5 Bc7 24. Nd3 Ng4 25. h3 Ne5 26. Nxe5 Bxe5 27. Nd1
Bxb2 28. Nxb2 Nc6 29. Nd3 Bf5 30. Nc5 Nb8 31. g4 Bb1 32. a3 Bc2 33. b4 Kg7 34.
Ke1 f5 35. Bd3 Bxd3 36. Nxd3 fxg4 37. hxg4 Kf6 38. Ke2 Kg5 39. Kf3 h5 40. gxh5
gxh5 41. Kg3 Nc6 42. f4+ Kg6 43. Nc5 Nb8 44. e4 Kf6 45. Kh4 Kg6 46. f5+ Kh6 47.
e5 Nc6 48. e6 Ne7 49. f6 Ng6+ 50. Kg3 Kg5 51. e7 h4+ 52. Kh2 Kxf6 53. e8=Q Kg5
54. Qd8+ Kg4 55. Qg8 Kg5 56. Qxg6+ Kxg6 57. Kh3 Kg5 58. Nxa6 Kh5 59. Nc7 Kg5
60. Nxb5 Kh5 61. a4 Kg5 62. a5 Kh5 63. a6 Kg5 64. a7 Kh5 65. a8=Q Kg5 66. Qd5+
Kf6 67. Kxh4 Ke7 68. Kg5 Kf8 69. Qe6 Kg7 70. Qe7+ Kg8 71. Kg6 Kh8 72. Qg7# 1-0

[Event "Junior Online 4NCL Division 4"]
[Site "online"]
[Date "2020.08.20"]
[Round "1.53"]
[White "Rowland, Benjamin"]
[Black "Wang, Andy"]
[Result "0-1"]
[WhiteElo "1142"]
[BlackElo "1525"]
[PlyCount "80"]
[EventDate "2020.08.20"]
[WhiteTeam "Barnet Knights D"]
[BlackTeam "Somerset Lions"]

1. e4 e5 2. Nf3 Nc6 3. Nc3 Nf6 4. d4 exd4 5. Nxd4 Nxd4 6. Qxd4 d6 7. Bc4 Be7 8.
O-O O-O 9. Bf4 Re8 10. Rfe1 Bf8 11. h3 g6 12. Bg5 Bg7 13. Qd3 Qd7 14. Nd5 Nxd5
15. exd5 Bxb2 16. Rxe8+ Qxe8 17. Rb1 Bg7 18. Bb5 Qf8 19. Re1 Bf5 20. Qc3 Bxc3
21. Re3 Bd4 22. Re2 a6 23. Ba4 b5 24. Bb3 Re8 25. Rd2 Bb6 26. g4 Bd7 27. Kg2
Qg7 28. Kg3 Qe5+ 29. Bf4 Qe1 30. Kg2 Re2 31. Rxe2 Qxe2 32. Bg3 a5 33. h4 a4 34.
g5 axb3 35. axb3 Qxc2 36. b4 Bf5 37. Kg1 Be4 38. Kh2 Bxf2 39. Bxf2 Qxf2+ 40.
Kh3 Qg2# 0-1

[Event "Junior Online 4NCL Division 4"]
[Site "online"]
[Date "2020.08.20"]
[Round "1.54"]
[White "Ranpura, Kirin"]
[Black "Khoo, Cheng Fong Winston"]
[Result "1-0"]
[WhiteElo "1382"]
[BlackElo "1090"]
[PlyCount "43"]
[EventDate "2020.08.20"]
[WhiteTeam "Somerset Lions"]
[BlackTeam "Barnet Knights D"]

1. d4 d5 2. Bf4 Nf6 3. e3 Bf5 4. c4 e6 5. Nf3 Bd6 6. Bg3 Bxg3 7. hxg3 c5 8. Nc3
cxd4 9. Nxd4 dxc4 10. Bxc4 Bg6 11. Qf3 Qc7 12. Bb3 O-O 13. g4 Nbd7 14. g5 Ne8
15. Nde2 Nd6 16. Nf4 Ne5 17. Qh3 h5 18. Nxg6 fxg6 19. Qxe6+ Nef7 20. Qxg6 Qe7
21. Rxh5 Qxg5 22. Qh7# 1-0

[Event "Junior Online 4NCL Division 4"]
[Site "online"]
[Date "2020.08.20"]
[Round "1.55"]
[White "Timbrell, Matthew"]
[Black "Gardner, Zac"]
[Result "1-0"]
[WhiteElo "1682"]
[BlackElo "1217"]
[PlyCount "93"]
[EventDate "2020.08.20"]
[WhiteTeam "Somerset Lions"]
[BlackTeam "Barnet Knights D"]

1. c4 e5 2. Nc3 d6 3. g3 Nf6 4. Bg2 Nc6 5. e3 Bf5 6. d4 Nb4 7. e4 Bg4 8. f3 Bd7
9. d5 Be7 10. Be3 O-O 11. Nge2 b6 12. a3 Na6 13. O-O Nc5 14. b4 Nb7 15. Rb1 h6
16. Qc2 a6 17. a4 a5 18. b5 Nc5 19. Bxc5 bxc5 20. Rb2 Rb8 21. Rfb1 Qc8 22. Nc1
Bh3 23. Nb3 Bxg2 24. Kxg2 Ra8 25. Ne2 Qd7 26. Qd2 Rfb8 27. Nxa5 Rb7 28. Nxb7
Rxa4 29. Na5 Bd8 30. Ra2 Rxa2 31. Qxa2 Nh5 32. Nc6 Qc8 33. Nxd8 Qxd8 34. Ra1
Qe7 35. Qa8+ Kh7 36. Ra7 Qg5 37. Rxc7 f6 38. b6 Kg6 39. b7 Qd2 40. Kf2 Qb2 41.
b8=Q Qxb8 42. Qxb8 Kg5 43. h4+ Kg6 44. Qe8+ Kh7 45. Qxh5 Kh8 46. Qf7 Kh7 47.
Qxg7# 1-0

[Event "Junior Online 4NCL Division 4"]
[Site "online"]
[Date "2020.08.20"]
[Round "1.56"]
[White "Perl, Joseph"]
[Black "Keech, Gabriel"]
[Result "0-1"]
[WhiteElo "1165"]
[BlackElo "1682"]
[PlyCount "52"]
[EventDate "2020.08.20"]
[WhiteTeam "Barnet Knights D"]
[BlackTeam "Somerset Lions"]

1. Nf3 Nc6 2. g3 Nf6 3. Bg2 e6 4. d3 Be7 5. O-O O-O 6. Nbd2 d5 7. e4 b6 8. exd5
exd5 9. Re1 Bb7 10. Ne5 Nxe5 11. Rxe5 Rb8 12. Qe2 Bd6 13. Rf5 Qd7 14. Rg5 h6
15. Rh5 Nxh5 16. Qxh5 Rfe8 17. Bxd5 Bxd5 18. Qxd5 Re1+ 19. Kg2 Qe7 20. Nf3 Re6
21. b3 Rd8 22. Nd4 Be5 23. Qb7 Bxd4 24. Rb1 Qd7 25. Qxa7 Qd5+ 26. Kf1 Qh1# 0-1

[Event "Junior Online 4NCL Division 4"]
[Site "online"]
[Date "2020.08.20"]
[Round "1.57"]
[White "Wang, Andy"]
[Black "Rowland, Benjamin"]
[Result "1/2-1/2"]
[WhiteElo "1525"]
[BlackElo "1142"]
[PlyCount "87"]
[EventDate "2020.08.20"]
[WhiteTeam "Somerset Lions"]
[BlackTeam "Barnet Knights D"]

1. d4 Nf6 2. Bf4 d5 3. Nf3 g6 4. e3 Bg7 5. c4 c6 6. Nc3 O-O 7. Qb3 Bf5 8. Qxb7
Nbd7 9. Qxc6 dxc4 10. Bxc4 Rc8 11. Qa4 Rc7 12. Bxc7 Qxc7 13. O-O Nb6 14. Bxf7+
Rxf7 15. Nb5 Qc4 16. Qxc4 Nxc4 17. b3 Bd3 18. Rfd1 Nb2 19. Rd2 Bxb5 20. Rxb2
Ne4 21. Rc1 e6 22. Rc8+ Bf8 23. Ne5 Rf6 24. Rc7 a6 25. a4 Bd3 26. Nxd3 Bd6 27.
Rc6 Kg7 28. f3 Ng5 29. Rxd6 a5 30. Ra6 Rf5 31. Ne5 Nf7 32. Rxe6 Nxe5 33. Rxe5
Rf6 34. Rxa5 Kh6 35. Rc2 g5 36. Rcc5 Rg6 37. h4 gxh4 38. Rh5+ Kg7 39. Ra7+ Kf6
40. Rxh4 h6 41. Ra6+ Kg5 42. Rxg6+ Kxg6 43. Rg4+ Kh5 44. d5 1/2-1/2